Statistics for U.K. Christmas Number Ones (1970-2018)

Click here to take the quiz!

General Stats

  • This quiz has been taken 549 times
    (422 since last reset)
  • The average score is 28 of 49

Answer Stats

YearArtistSong% Correct
1975QueenBohemian Rhapsody
95%
1991QueenBohemian Rhapsody/These Are the Days of Our Lives
95%
1984Band AidDo They Know It's Christmas?
91%
2004Band Aid 20Do They Know It's Christmas?
91%
1989Band Aid IIDo They Know It's Christmas?
91%
1988Cliff RichardMistletoe and Wine
85%
1990Cliff RichardSaviour's Day
85%
1996Spice Girls2 Become 1
85%
1997Spice GirlsToo Much
85%
1998Spice GirlsGoodbye
85%
1992Whitney HoustonI Will Always Love You
85%
2000Bob the BuilderCan We Fix It?
83%
1973SladeMerry Xmas Everybody
83%
1995Michael JacksonEarth Song
80%
1979Pink FloydAnother Brick in the Wall (Part 2)
78%
1994East 17Stay Another Day
77%
2002Girls AloudSound of the Underground
75%
1993Mr. BlobbyMr. Blobby
72%
1978Boney MMary's Boy Child - Oh My Lord
71%
2001Robbie Williams and Nicole KidmanSomethin' Stupid
69%
1985Shakin' StevensMerry Christmas Everyone
66%
1981The Human LeagueDon't You Want Me
66%
2008Alexandra BurkeHallelujah
64%
1974MudLonely This Christmas
60%
1977WingsMull of Kintyre/Girls' School
59%
2006Leona LewisA Moment Like This
58%
1999WestlifeI Have a Dream/Seasons in the Sun
57%
2017Ed SheeranPerfect
56%
1987Pet Shop BoysAlways on My Mind
56%
2009Rage Against the MachineKilling in the Name
52%
2018LadBabyWe Built This City (On Sausage Rolls)
49%
1971Benny HillErnie (The Fastest Milkman in the West)
47%
2005Shayne WardThat's My Goal
45%
1972Jimmy OsmondLong Haired Lover From Liverpool
44%
2010Matt CardleWhen We Collide
42%
1976Johnny MathisWhen a Child is Born
41%
2016Clean BanditRockabye (feat. Sean Paul and Anne-Marie)
39%
1986Jackie WilsonReet Petite
38%
1980St. Winifred's School ChoirThere's No One Quite Like Grandma
35%
2003Michael Andrews and Gary JulesMad World
32%
2013Sam BaileySkyscraper
23%
1983The Flying PicketsOnly You
23%
2007Leon JacksonWhen You Believe
22%
1982Renée and RenatoSave Your Love
19%
1970Dave EdmundsI Hear You Knocking
15%
2014Ben HaenowSomething I Need
14%
2011Military Wives with Gareth MaloneWherever You Are
14%
2015Lewisham and Greenwich NHS ChoirA Bridge Over You
9%
2012The Justice CollectiveHe Ain't Heavy, He's My Brother
7%

Score Distribution

Percentile by Number Answered

Percent of People with Each Score

Your Score History

You have not taken this quiz since the last reset